Vista normal
Vista MARC
Entrada Geographic Name
Número de registros utilizados en: 1
001 - CONTROL NUMBER
- control field: 11825
003 - CONTROL NUMBER IDENTIFIER
- control field: OSt
005 - DATE AND TIME OF LATEST TRANSACTION
- control field: 20201022155235.0
008 - FIXED-LENGTH DATA ELEMENTS
- fixed length control field: 201022|| aca||aabn | a|a d
040 ## - CATALOGING SOURCE
- Original cataloging agency: OSt
- Transcribing agency: OSt
151 ## - HEADING--GEOGRAPHIC NAME
- Geographic name: Colombia
- General subdivision: Guerra de independencia
- Chronological subdivision: 1810-1819
670 ## - SOURCE DATA FOUND
- Source citation: Work cat.: (OSt)6287: Manzur Jattin, Félix, autor 10986, Bicentenario : , 2010